Effective univerm totalon gastro-intestinal trains dogs in the department of police control at porsenchey district, phnom penh, ប្រសិទ្ធភាពឱសថ UNIVERM TOTAL ទៅលើបរាសិតខាងក្នុងក្រពះ ពោះវៀនសុនជំនាញ នៅអង្គភាពតម្រួតបទបញ្ជាខណ្ឌសែនជ័យ រាជធានីភ្នំពេញ. (Record no. 2708)

000 -LEADER
fixed length control field 00789nam a22001337a 4500
040 ## - CATALOGING SOURCE
Transcribing agency RUA
082 ## - DEWEY DECIMAL CLASSIFICATION NUMBER
Classification number AVM CHH 2013 B105 Or.1
100 ## - MAIN ENTRY--AUTHOR NAME
Personal name CHHIM, EAM.
245 ## - TITLE STATEMENT
Title Effective univerm totalon gastro-intestinal trains dogs in the department of police control at porsenchey district, phnom penh, ប្រសិទ្ធភាពឱសថ UNIVERM TOTAL ទៅលើបរាសិតខាងក្នុងក្រពះ ពោះវៀនសុនជំនាញ នៅអង្គភាពតម្រួតបទបញ្ជាខណ្ឌសែនជ័យ រាជធានីភ្នំពេញ.
260 ## - PUBLICATION, DISTRIBUTION, ETC. (IMPRINT)
Place of publication phnom penh
Name of publisher RUA
Year of publication 2013
300 ## - PHYSICAL DESCRIPTION
Number of Pages IX,36p.
Other physical details ill.
Dimensions 29cm.
856 ## - ELECTRONIC LOCATION AND ACCESS
Uniform Resource Identifier https://drive.google.com/file/d/1rkJmhsqNRnfMW3cihlC2ilYo6OM5h9IJ/view?usp=sharing
942 ## - ADDED ENTRY ELEMENTS (KOHA)
Koha item type AVM
952 ## - LOCATION AND ITEM INFORMATION (KOHA)
Withdrawn status [LOCAL, KOHA] 0
952 ## - LOCATION AND ITEM INFORMATION (KOHA)
Withdrawn status [LOCAL, KOHA] 0
952 ## - LOCATION AND ITEM INFORMATION (KOHA)
Withdrawn status [LOCAL, KOHA] 0
952 ## - LOCATION AND ITEM INFORMATION (KOHA)
Withdrawn status [LOCAL, KOHA] 0
952 ## - LOCATION AND ITEM INFORMATION (KOHA)
Withdrawn status [LOCAL, KOHA] 0
952 ## - LOCATION AND ITEM INFORMATION (KOHA)
Withdrawn status [LOCAL, KOHA] 0
952 ## - LOCATION AND ITEM INFORMATION (KOHA)
Withdrawn status [LOCAL, KOHA] 0
952 ## - LOCATION AND ITEM INFORMATION (KOHA)
Withdrawn status [LOCAL, KOHA] 0
Holdings
Permanent Location Date acquired Koha item type Lost status Shelving location Barcode Current Location Full call number
Library Block B2015-10-26AVM B105RUA017764Library Block BAVM CHH 2013 B105 Or.1
Library Block B2015-10-26AVM B105RUA017836Library Block BAVM CHH 2013 B105 Or.2
Library Block B2015-10-26AVM B105RUA017908Library Block BAVM CHH 2013 B105 Or.3
Library Block B2015-10-26AVM B105RUA017980Library Block BAVM CHH 2013 B105 Or.4
Library Block B2015-10-26AVM B105RUA017956Library Block BAVM CHH 2013 B105 Or.5
Library Block B2015-10-26AVM B105RUA017685Library Block BAVM CHH 2013 B105 Or.6
Library Block B2015-10-26AVM B105RUA018083Library Block BAVM CHH 2013 B105 Or.7
Library Block B2015-10-26AVM B105RUA018368Library Block BAVM CHH 2013 B105 Or.8
មជ្ឈមណ្ឌលឯការនៃសាកលវិទ្យាល័យភូមិន្ទកសិកម្មចំការដូង

Powered by Koha